| 000 | 00581cam3a220020500 4500 | ||
|---|---|---|---|
| 001 | tmp15413047 | ||
| 003 | UPRA | ||
| 005 | 20190815093225.0 | ||
| 008 | 950809s1964 nyu eng u | ||
| 035 | _a(Sirsi) r32787 | ||
| 035 | _a(UPRA)tmp15413047 | ||
| 040 | _cUPRA | ||
| 100 | 1 |
_aGrombach, John V. _6A96582.1 |
|
| 245 | 1 | 4 | _aThe 1964 Olympic guide. |
| 250 | _a[Student ed.]. | ||
| 260 |
_a[New York] : _bAvon, _c[1964] |
||
| 650 | 0 |
_aOlympics -- Revival, 1896- _xOlympics -- Revival, 1896- _6S69884.1 |
|
| 949 |
_aGV721.5 _wlcc _i-37840 _mMAIN _tBOOK _lON-SHELF |
||
| 004 | 32787 | ||
| 999 |
_c57827 _d57827 |
||